Emerging Technology in Agricultural Engineering (Record no. 4606)

MARC details
000 -LEADER
fixed length control field 00461nam a22001697a 4500
008 - FIXED-LENGTH DATA ELEMENTS--GENERAL INFORMATION
fixed length control field 260309b |||||||| |||| 00| 0 eng d
020 ## - INTERNATIONAL STANDARD BOOK NUMBER
ISBN 9781771883405
100 ## - MAIN ENTRY--AUTHOR
Author Goyal, Megh R.
245 ## - TITLE STATEMENT
Title Emerging Technology in Agricultural Engineering
260 ## - PUBLICATION, DISTRIBUTION, ETC. (IMPRINT)
Place of publication Canada
Name of publisher Apple Academic Press Inc.
Date of publication 2017
300 ## - COLLATION
Pagination XXX,396p.
650 ## - TRACINGS
Main Subject Agricultural Engineering
700 ## - ADDITIONAL AUTHOR
Additional Author Sivanappan, R.K
942 ## - ADDED ENTRY ELEMENTS (KOHA)
Item type Books
050 ## - LIBRARY OF CONGRESS CALL NUMBER
Classification number S675
Item number .E48
Holdings
Source of classification or shelving scheme Not for loan Permanent location Current location Date acquired Accession No. Full call number Barcode. Copy number Koha item type
Library of Congress Classification   Samuel Ogbemudia Main Library, University of Abuja Samuel Ogbemudia Main Library, University of Abuja 03/09/2026 2024/626703 S675 .E48 2026-0093 2 Books